000 03008nam a2200253 4500
005 20250708211552.0
008 170718s2025 000 0 eng d
040 _aCO-CtgCURN
_bspa
_ccoctgcurn
082 0 _aTSI 2025
_bG993
100 1 _aGuzmán Aponte, Aded Manuel.
245 1 0 _aDesarrollo de un sistema web para la gestión de reportes ciudadanos en la ciudad de Cartagena /
_cAded Manuel Guzman Aponte; Sebastian Andres Sandoval Chamorro; Director: Breiner Manuel Cervantes Morales.
260 _aCartagena de Indias :
_bCorporación Universitaria Rafael Nuñez,
_c2025.
300 _a59 hojas.
504 _aTrabajo de grado (Tecnologo en sistemas de información y software). Corporación Universitaria Rafael Nuñez. Facultad de ingenieria de sistema. Tecnologia en sistema de información y software, 2025.
520 _a"Se genera como alternativa tecnológica ante la necesidad para mejorar la comunicación entre la ciudadanía y las autoridades locales respecto a las incidencias urbanas. La ciudad de Cartagena presenta varios retos de la falta de infraestructura,alteraciones de seguridad, y de la carencia de canales formales de denuncia por parte de laciudadanía. Actualmente la comunicación hacia las autoridades locales se realiza de forma informal a través de redes sociales o por la vía de trámites telefónicos, lo cual implica un fragmentado de la información y a su vez, a un lento tratamiento de las necesidades ciudadanas. Por todo lo anteriormente expuesto, el proyecto planteó como objetivo general crear una plataforma web que permitiese la recolección, gestión y seguimiento de los reportes ciudadanos;la mencionada plataforma también debía facilitar la clasificación de los mismos en función de su tipo de incidencia y su visibilidad ante las entidades responsables. Para tal efecto, se decidió emplear un enfoque de la investigación descriptivo e investigativo con metodología deductiva,facilitando la posibilidad de realizar un análisis general del contexto urbano y social de Cartagena para después permitir el diseño de una solución específica que fuese contextualizada y aplicable "
650 0 _aSistemas de información y software
_xTesis y disertaciones academicas.
700 1 _aSandoval Chamorro, Sebastian Andres.
700 1 _aCervantes Morales, Breiner Manuel,
_easesor.
856 _uhttps://unicurn.sharepoint.com/:b:/s/biblioteca/EVTbCBcSZ0pAq0doqIChPEwBUnEVKR-kJvPkaS__W2n4OQ?e=TpfPRg
_zClick aqui para ver el recurso en texto completo
856 _uhttps://unicurn.sharepoint.com/:b:/s/biblioteca/EYp_uox-yHJOqFeqAY7vH3MB-WJsHcWO8KpGNk83PWtlkA?e=CNNeVf
_zClick aqui para ver el recurso en texto completo manual del usuario
856 _uhttps://unicurn.sharepoint.com/:b:/s/biblioteca/EfQornRv7-dFm7hyKmL6rBIBj9W-RqpOLO4ccZHd9NLy4w?e=Fwii7u
_zClick aqui para ver el recurso en texto completo manual del sistema
942 _hTSI 2025
_iG993
_2ddc
_cTG
999 _c49113
_d49113